[Event "GER-ch U10"]
[Site "Willingen"]
[Date "2024.05.25"]
[Round "11"]
[White "Loeffelholz, Jonas"]
[Black "Juengling, Leonard"]
[Result "1-0"]
[WhiteElo "1126"]
[BlackElo "1446"]
[PlyCount "87"]
[EventDate "2024.05.19"]
[EventType "swiss"]
[EventRounds "11"]
[EventCountry "GER"]
[SourceTitle "CBM 220 Extra"]
[Source "ChessBase"]
[SourceDate "2024.07.31"]
[SourceVersion "1"]
[SourceVersionDate "2024.07.31"]
[SourceQuality "1"]

1. e4 e5 2. Nf3 Nc6 3. Bb5 a6 4. Ba4 d6 5. 0-0 Bg4 6. h3 h5 7. c3 Be6 8. d4 b5 9. d5 bxa4 10. dxe6 fxe6 11. Qxa4 Qd7 12. Ng5 d5 13. Rd1 Nf6 14. c4 d4 15. Nd2 Be7 16. Ndf3 0-0 17. Nh4 Nxe4 18. Nxe4 Bxh4 19. Bg5 Bxg5 20. Nxg5 Rf5 21. h4 Rb8 22. Rab1 a5 23. a3 Qd6 24. Qc2 Nd8 25. c5 Qc6 26. Re1 Qd5 27. Qe2 g6 28. g4 hxg4 29. Qxg4 Rf4 30. Qg3 Qxc5 31. Nxe6 Nxe6 32. Qxg6+ Ng7 33. h5 Qe7 34. h6 Qd7 35. f3 Rxf3 36. Rxe5 Rf4 37. Rg5 Qf7 38. Qxg7+ Qxg7 39. Rxg7+ Kh8 40. Rc1 Rxb2 41. Rcxc7 Rbf2 42. Rh7+ Kg8 43. Rcg7+ Kf8 44. Rh8# 1-0

[Event "GER-ch U10"]
[Site "Willingen"]
[Date "2024.05.20"]
[Round "3"]
[White "Loeffelholz, Jonas"]
[Black "Menke, Xaver Louis"]
[Result "1/2-1/2"]
[WhiteElo "1126"]
[BlackElo "1324"]
[PlyCount "57"]
[EventDate "2024.05.19"]
[EventType "swiss"]
[EventRounds "11"]
[EventCountry "GER"]
[SourceTitle "CBM 220 Extra"]
[Source "ChessBase"]
[SourceDate "2024.07.31"]
[SourceVersion "1"]
[SourceVersionDate "2024.07.31"]
[SourceQuality "1"]

1. e4 e5 2. Nf3 Nc6 3. Bb5 a6 4. Ba4 Nf6 5. d3 Be7 6. c3 0-0 7. 0-0 b5 8. Bc2 h6 9. Re1 d6 10. h3 Na7 11. d4 Nd7 12. Nbd2 c5 13. Nf1 Rb8 14. d5 Nb6 15. b3 Qe8 16. Ng3 Bd8 17. Nf5 Bxf5 18. exf5 f6 19. Nh4 Qf7 20. Qg4 Kh7 21. Re3 Nxd5 22. Rg3 Bc7 23. Ng6 Rfe8 24. b4 c4 25. Be4 Nb6 26. Be3 Nac8 27. Qh5 d5 28. Bxb6 Nxb6 29. Bc2 1/2-1/2

[Event "GER-ch U08"]
[Site "Willingen"]
[Date "2022.06.10"]
[Round "5"]
[White "Loeffelholz, Jonas"]
[Black "Boerner, Martha"]
[Result "0-1"]
[WhiteElo "1020"]
[BlackElo "738"]
[PlyCount "92"]
[EventDate "2022.06.07"]
[EventType "swiss"]
[EventRounds "7"]
[EventCountry "GER"]
[SourceTitle "EXT 2023"]
[Source "ChessBase"]
[SourceDate "2022.10.05"]
[SourceVersion "1"]
[SourceVersionDate "2022.10.05"]
[SourceQuality "1"]

1. e4 e5 2. Nf3 Nc6 3. Bb5 Bd6 4. 0-0 Nf6 5. Re1 0-0 6. c3 a6 7. Ba4 b5 8. Bb3 Bc5 9. d4 exd4 10. cxd4 Bb4 11. Nbd2 d5 12. e5 Ng4 13. Rf1 Bf5 14. h3 Nh6 15. Nb1 Be4 16. Ng5 f6 17. Nxe4 a5 18. exf6 gxf6 19. Bxh6 f5 20. Bxf8 Qxf8 21. Bxd5+ Kh8 22. Bxc6 Ra6 23. d5 fxe4 24. Qd4+ Kg8 25. f4 Bc5 26. Qxc5 Qxc5+ 27. Kh2 e3 28. Nc3 b4 29. Ne4 Qc4 30. Nf6+ Kg7 31. Rac1 e2 32. Rfe1 Qd3 33. a4 bxa3 34. bxa3 Qxa3 35. Bb5 Rxf6 36. Bxe2 Rxf4 37. Rxc7+ Kf6 38. Rc6+ Kg7 39. d6 Rf6 40. d7 Rf8 41. Rc7 Qd6+ 42. g3 Qxc7 43. Rd1 a4 44. Bg4 Rf2+ 45. Kh1 Qxg3 46. Rg1 Rh2# 0-1